Koncepcje polityki spolecznej w Polsce w latach 1989-1992.
Hlavné črty sociálnej politiky vytváranej od r. 1945 ako východiskový stav pre reformu v r. 1989-1992. Koncepcie sociálnej politiky v r. 1989-1991. Výsledky sociálnej politiky v Poľsku v r. 1989-1991. Koncepcie sociálnej politiky uverejnené v r. 1992. Aká sociálna politika je pre Poľsko potrebná a m...
Saved in:
| Main Author: | |
|---|---|
| Format: | Book Chapter |
| Language: | Polish |
| Subjects: | |
| Tags: |
No Tags, Be the first to tag this record!
|
MARC
| LEADER | 00000naa a2200000 4500 | ||
|---|---|---|---|
| 001 | r009357 | ||
| 005 | 20221125122852.1 | ||
| 041 | 0 | |a pol | |
| 044 | |a PL | ||
| 245 | 1 | 0 | |a Koncepcje polityki spolecznej w Polsce w latach 1989-1992. |c J. Hrynkiewicz |
| 520 | |a Hlavné črty sociálnej politiky vytváranej od r. 1945 ako východiskový stav pre reformu v r. 1989-1992. Koncepcie sociálnej politiky v r. 1989-1991. Výsledky sociálnej politiky v Poľsku v r. 1989-1991. Koncepcie sociálnej politiky uverejnené v r. 1992. Aká sociálna politika je pre Poľsko potrebná a možná? | ||
| 610 | 2 | 0 | |a politika sociálna |
| 610 | 2 | 0 | |a koncepcie |
| 610 | 2 | 0 | |a PR |
| 610 | 2 | 0 | |a 1989-1992 |
| 610 | 2 | 0 | |a reformy sociálne |
| 610 | 2 | 0 | |a 1945 |
| 100 | 1 | |a Hrynkiewicz, J. | |